مكتبة جامعة عجلون الوطنية

فهرس بحث المكتبة

التخطيط لمواجهة الكوارث و نظم المعلومات المحاسبية : دراسة ميدانية على الشركات الصناعية الأردنية = Disaster Recovery Planning and Accounting Information Systems : An Empirical Study on jordanian Industrial Companies / (Record no. 33060)

MARC details
000 -LEADER
fixed length control field 01468nam a2200265Ii 4500
003 - CONTROL NUMBER IDENTIFIER
control field JO-AjNU
005 - DATE AND TIME OF LATEST TRANSACTION
control field 20240623131149.0
008 - FIXED-LENGTH DATA ELEMENTS--GENERAL INFORMATION
fixed length control field 230605s9999||||xx |||||||||||||| ||und||
040 ## - CATALOGING SOURCE
Original cataloging agency JO-AjNU
Language of cataloging ara
Description conventions rda
Transcribing agency JO-AjNU
041 ## - LANGUAGE CODE
Language code of text/sound track or separate title ara
050 ## - LIBRARY OF CONGRESS CALL NUMBER
Classification number HF5679.
Item number A2228 2006
100 #1 - MAIN ENTRY--PERSONAL NAME
Personal name عبادي، ديما محمود
9 (RLIN) 64812
Relator term معد
245 #0 - TITLE STATEMENT
Title التخطيط لمواجهة الكوارث و نظم المعلومات المحاسبية : دراسة ميدانية على الشركات الصناعية الأردنية = Disaster Recovery Planning and Accounting Information Systems : An Empirical Study on jordanian Industrial Companies /
Statement of responsibility, etc. إعداد ديما محمود عبادي ؛ إشراف منذر طلال المومني.
260 ## - PUBLICATION, DISTRIBUTION, ETC.
Date of publication, distribution, etc. 2006
300 ## - PHYSICAL DESCRIPTION
Extent 121 ورقة
336 ## - CONTENT TYPE
Content type term text
Content type code txt
Source rdacontent
337 ## - MEDIA TYPE
Media type term unmediated
Media type code n
Source rdamedia
338 ## - CARRIER TYPE
Carrier type term volume
Carrier type code nc
Source rdacarrier
500 ## - GENERAL NOTE
General note رسالة جامعية (ماجستير في المحاسبة) -- جامعة اليرموك (إربد، الأردن)، كلية الإقتصاد و العلوم الإدارية، قسم المحاسبة، 2006.
501 ## - WITH NOTE
With note تحتوي على ملاحق
504 ## - BIBLIOGRAPHY, ETC. NOTE
Bibliography, etc. note تحتوي على مراجع باللغتين العربية والانجليزية
650 40 - SUBJECT ADDED ENTRY--TOPICAL TERM
Topical term or geographic name entry element شركات صناعية-محاسبة-نظم معلومات محاسبية-الاردن.
9 (RLIN) 64814
700 #1 - ADDED ENTRY--PERSONAL NAME
Personal name مومني، منذر طلال
9 (RLIN) 64815
Relator term مشرف
942 ## - ADDED ENTRY ELEMENTS (KOHA)
Source of classification or shelving scheme Library of Congress Classification
Koha item type Thesis
Holdings
Withdrawn status Lost status Source of classification or shelving scheme Damaged status Not for loan Home library Current library Shelving location Date acquired Total Checkouts Full call number Barcode Date last seen Price effective from Koha item type
    Library of Congress Classification     مكتبة جامعة عجلون الوطنية مكتبة جامعة عجلون الوطنية المجموعات العامة 06/06/2023   HF5679.A2228 2006 A29492 06/06/2023 06/06/2023 Thesis